SMART retrieval system: experiments in automatic document processing (Record no. 20004)

MARC details
000 -LEADER
fixed length control field 00480nam a2200157Ia 4500
082 ## - DEWEY DECIMAL CLASSIFICATION NUMBER
Classification number 025.04 SMA;
245 #0 - TITLE STATEMENT
Title SMART retrieval system: experiments in automatic document processing
260 ## - PUBLICATION, DISTRIBUTION, ETC. (IMPRINT)
Place of publication New Jersey
Name of publisher Prentice-Hall
Year of publication 1971
300 ## - PHYSICAL DESCRIPTION
Number of Pages 556p.
504 ## - BIBLIOGRAPHY, ETC. NOTE
Bibliography, etc Includes index
650 ## - SUBJECT ADDED ENTRY--TOPICAL TERM
Topical Term SMART (Information retrieval system)
650 ## - SUBJECT ADDED ENTRY--TOPICAL TERM
Topical Term Library science - Data processing
650 ## - SUBJECT ADDED ENTRY--TOPICAL TERM
Topical Term Information storage and retrieval systems
700 ## - ADDED ENTRY--PERSONAL NAME
Personal name Salton, Gerard
942 ## - ADDED ENTRY ELEMENTS (KOHA)
Koha item type Books
Holdings
Withdrawn status Lost status Damaged status Not for loan Home library Current library Date acquired Full call number Accession Number Price effective from Koha item type
        NASSDOC Library NASSDOC Library 08/06/2004 025.04 SMA; 4410 18/04/2019 Books